00326nam a2200121Ia 4500003000400000008004100004040001600045082001900061245005100080260005700131300001100188490000500199GCL140319s9999 xx 000 0 ara d aGCL / cGCL04a070.956bف ص10aالصحافة العربية المهاجرة a[S.N] : bعالم الكتب الحديث ، c1993 a477 ص a